<?xml version="1.0" encoding="UTF-8"?>
<marc:record xmlns:marc="http://www.loc.gov/MARC21/slim">
   <marc:leader>00000nam a2200000 a 4500</marc:leader>
   <marc:datafield ind1="0" ind2="0" tag="245">
      <marc:subfield code="a">ALITA Battle Angel</marc:subfield>
   </marc:datafield>
   <marc:datafield ind1="0" ind2="0" tag="245">
      <marc:subfield code="b">Battle Angle</marc:subfield>
   </marc:datafield>
   <marc:datafield ind1=" " ind2="1" tag="264">
      <marc:subfield code="b">Twentieth Century Fox Film Corporation</marc:subfield>
      <marc:subfield code="c">2019</marc:subfield>
   </marc:datafield>
   <marc:datafield ind1="1" ind2=" " tag="520">
      <marc:subfield code="a">Alita ist ein Cyborg, der als Waffe kreiert wurde. Sie kann sich nicht an ihre Vergangenheit erinnern, doch ihr Schöpfer Dr. Ido ist sich sicher, dass sie ein Schicksal zu erfüllen hat: Den Kreislauf aus Tod und Zerstörung zu brechen, den Tiphares hinterlässt. Um diese Mission zu erfüllen, muss sie jedoch selbst kämpfen und töten. Und darin zeigt sich ihre eigentliche Bestimmung, während sie auf der Suche nach ihrer Identität ist.</marc:subfield>
   </marc:datafield>
   <marc:datafield ind1="3" ind2=" " tag="024">
      <marc:subfield code="a">4010232073594</marc:subfield>
   </marc:datafield>
   <marc:datafield ind1="1" ind2=" " tag="521">
      <marc:subfield code="a">12</marc:subfield>
   </marc:datafield>
</marc:record>
